|
|
|
|
| LEADER |
00000nam0a2200000 4500 |
| 001 |
676670 |
| 005 |
20241116131617.0 |
| 090 |
|
|
|a 676670
|
| 100 |
|
|
|a 20241116d1979 k||y0rusy50 ca
|
| 101 |
0 |
|
|a rus
|
| 102 |
|
|
|a RU
|
| 105 |
|
|
|a a z 001yy
|
| 181 |
|
0 |
|a i
|b e
|
| 182 |
|
0 |
|a n
|
| 183 |
|
0 |
|a nc
|2 RDAcarrier
|
| 200 |
1 |
|
|a Хроматографический анализ окружающей среды
|d Chromatographic Analysis of the Environment
|z eng
|f пер. с англ. Д. Н. Соколова, А. С. Бочкова, под ред. В. Г. Березина
|
| 203 |
|
|
|a Текст
|b визуальный
|c непосредственный
|
| 210 |
|
|
|a Москва
|c Химия
|d 1979
|
| 215 |
|
|
|a 608 с.
|c ил.
|
| 283 |
|
|
|a volume
|2 RDAcarrier
|
| 320 |
|
|
|a Литература: с. 605-606
|
| 606 |
1 |
|
|a Хроматография
|9 43222
|
| 610 |
1 |
|
|a загрязнения окружающей среды
|
| 610 |
1 |
|
|a анализ почвы
|
| 610 |
1 |
|
|a газовая хроматография
|
| 610 |
1 |
|
|a загрязнения воздуха
|
| 610 |
1 |
|
|a жидкостная хроматография
|
| 610 |
1 |
|
|a тонкослойная хроматография
|
| 610 |
1 |
|
|a сточные воды
|
| 610 |
1 |
|
|a колоночная хроматография
|
| 675 |
|
|
|a 543.544
|v 4
|
| 702 |
|
1 |
|4 730
|a Соколов
|b Д. Н.
|
| 702 |
|
1 |
|4 730
|a Бочков
|b А. С.
|
| 702 |
|
1 |
|4 340
|a Березкина
|b В. Г.
|
| 801 |
|
0 |
|a RU
|b 63413507
|c 20241116
|
| 830 |
|
|
|a Ретро2024Каталогизация Мотырева
|
| 850 |
|
|
|a 63413507
|
| 942 |
|
|
|c BK
|